Language Quiz

Random Language or Country Quiz

Multi-Lingual Counting Quiz Stats

 Plays Quiz Updated Dec 6, 2018

Support Sporcle.
Go Orange.
Score 0/100 Timer 08:00
0 Plays Today
Country Number % Correct
EnglishOne
98.8%
EnglishTwo
98.5%
EnglishThree
98.3%
EnglishFour
98.2%
EnglishSix
98.1%
FrenchSix
98.1%
EnglishFive
98.1%
EnglishSeven
98%
EnglishEight
97.9%
EnglishTen
97.8%
EnglishNine
97.8%
Mandarin Chinese
97.8%
FrenchUn
97%
SpanishUno
96%
ItalianUno
96%
ItalianTre
92.5%
SpanishTres
92.2%
PortugueseTrês
92.2%
SpanishDos
92.2%
LatinTres
92.2%
JapaneseNi
85.7%
SpanishCinco
80%
PortugueseCinco
80%
SpanishOcho
78.6%
ItalianSei
74.5%
SpanishNueve
73.1%
SpanishSiete
71.3%
SpanishSeis
70.8%
PortugueseSeis
70.8%
FrenchDeux
68.7%
FrenchTrois
66.7%
PortugueseQuatro
63.8%
SpanishCuatro
63.2%
SpanishDiez
62.2%
Country Number % Correct
FrenchCinq
61.8%
FrenchSept
59.4%
FrenchQuatre
57.2%
FrenchNeuf
55.2%
FrenchDix
54.4%
FrenchHuit
52.3%
GermanDrei
47.1%
ItalianDue
44.4%
GermanEins
42.9%
GermanZwei
41.4%
GermanFünf
38.6%
GermanAcht
36.6%
DutchAcht
36.6%
Mandarin ChineseSān
36.3%
JapaneseSan
36.3%
GermanSieben
34.7%
GermanVier
34.5%
DutchVier
34.5%
ItalianQuattro
33.5%
GermanNeun
33.5%
LatinDuo
33.4%
GermanSechs
32.6%
LatinSex
30.3%
GermanZehn
29.8%
JapaneseShi,Yon
27.1%
JapaneseIchi
27%
PortugueseNove
26.9%
ItalianNove
26.9%
Mandarin ChineseShí
25.5%
ItalianCinque
25.2%
JapaneseGo
23%
Mandarin Chinese
21.9%
ItalianOtto
21.4%
ItalianSette
20.7%
Country Number % Correct
LatinOcto
18.1%
ItalianDieci
16.1%
JapaneseRoku
16.1%
PortugueseSete
15.4%
JapaneseHachi
15.2%
Mandarin Chinese
14.9%
JapaneseKyuu,Ku
14.7%
Mandarin ChineseЀr
14.2%
Mandarin Chinese
13.8%
Mandarin Chinese
13.7%
JapaneseShichi,Nana
13.7%
DutchDrie
12.7%
LatinUnus
12.5%
PortugueseUm
11.7%
LatinDecem
11.5%
LatinSeptem
11.4%
Mandarin ChineseLiù
11.4%
LatinNovem
11.3%
DutchEen
11.3%
Mandarin ChineseJiǔ
10.8%
JapaneseJuu
10.5%
LatinQuattuor
10.1%
PortugueseDois
10.1%
PortugueseDez
9.4%
DutchTwee
9.1%
LatinQuinque
8.9%
DutchTien
7.3%
DutchZeven
7.2%
PortugueseOito
7.2%
DutchVijf
6.9%
DutchZes
6.6%
DutchNegen
6.6%

From the Vault

One Syllable 'UGH' Words

by sproutcm

Unfortunately, that old saying 'snug as a bug in a rug' won't really help you here.
Remove Ads.
Support Sporcle.
Get the best of Sporcle when you Go Orange. This ad-free experience offers more features, more stats, and more fun while also helping to support Sporcle. Thank you for becoming a member.

Show Comments

Extras

Top Quizzes Today


Score Distribution

Your Account Isn't Verified!

In order to create a playlist on Sporcle, you need to verify the email address you used during registration. Go to your Sporcle Settings to finish the process.

Report this User

Report this user for behavior that violates our Community Guidelines.

Details: